Statistics for Baldi's Basics Characters

Click here to take the quiz!

General Stats

  • This quiz has been taken 28 times
    (16 since last reset)
  • The average score is 11 of 21

Answer Stats

DescriptionAnswer% Correct
Great teacher due to his incredible hearing abilities! He can not only tell where any sound came from, but who made it too!Baldi
100%
Here at here school, we believe every good school needs a good bully! That's why we have this kid!It's a Bully
100%
Wow, great job... Please try and do worse though I need t- *Glitching*Null
100%
What do you do when the school opens in 7 hours and you haven't hired a janitor? Hire a broom! It sweeps everything!Gotta Sweep
92%
Despite her poor eyesight and short memory, she's always looking for a playmate! "Let's play!"Playtime
92%
"If I see anyone breaking the school rules, I'll make sure justice is served! It tastes good and fills my tummy!"Principal of the Thing
92%
Won 1st Prize at the Science Fair! Loves hugging people, rushing towards anyone it sees. Sadly, it turns super slowly.1st Prize
67%
Shy, and tries to be avoided. Doesn't like being looked at, and gets jealous at people with more notebooks than him.Arts and Crafters
67%
A cloud who loves being a cloud doing cloudy things. Floats around and blows strong winds down halls.Cloudy Copter
58%
Tries to impress others by blowing bubble gum bubbles, but usually just ends up spitting them out.Beans
42%
Some kid drew this face and next thing you know it's floating around, laughing and making mischief.Chalkles
42%
A cheap doctor who employs a unique reflex testing method to diagnose students. Don't leave until the test is finished!Dr. Reflex
42%
Hops around in her high-heeled shoe inviting students to her class. Make sure you're not late! Or else!Mrs. Pomp
42%
If you want to keep an eye on anyone, look no further than this fella! Don't forget where you last spotted him!The Test
42%
Baldi-shaped Balloons that come in all sorts of different colors!Baldloon
25%
Welcome to __'s Ultimate Bus Ri-IIIIIIIDDEEE!!!Joe
25%
Thanks for playing my gameMe
25%
Poorly drawn character image0th Prize
8%
"don't end up like me! If you make bootleg baldi games you'll be trapped in the walls of here school... forever!Bladder
8%
Character used as a test for the enemy systemPlaceFace
8%
Distorted Baldi figureDSCI_0000
0%

Score Distribution

Percentile by Number Answered

Percent of People with Each Score

Your Score History

You have not taken this quiz since the last reset